Marketing Management (Record no. 2016)

MARC details
000 -LEADER
fixed length control field 00404nam a22001697a 4500
005 - DATE AND TIME OF LATEST TRANSACTION
control field 20160528100501.0
008 - FIXED-LENGTH DATA ELEMENTS--GENERAL INFORMATION
fixed length control field 160528b xxu||||| |||| 00| 0 eng d
020 ## - INTERNATIONAL STANDARD BOOK NUMBER
ISBN 978-81-317-1683-0
041 ## - LANGUAGE CODE
Language code of text/sound track or separate title eng
082 ## - DEWEY DECIMAL CLASSIFICATION NUMBER
Item number 5674
100 ## - MAIN ENTRY--AUTHOR NAME
Personal name Kotler Philip and others
245 ## - TITLE STATEMENT
Title Marketing Management
260 ## - PUBLICATION, DISTRIBUTION, ETC. (IMPRINT)
Place of publication New Delhi
Name of publisher PHI,
Year of publication 2009
300 ## - PHYSICAL DESCRIPTION
Number of Pages 647
650 ## - SUBJECT ADDED ENTRY--TOPICAL TERM
Topical Term Management
942 ## - ADDED ENTRY ELEMENTS (KOHA)
Koha item type Books
Holdings
Lost status Damaged status Home library Current library Shelving location Date acquired Cost, normal purchase price Full call number Accession Number Koha item type Collection code
    JRU Library   Shelf - 27- C 28/05/2016 650.00 5674 5674 Books  
    JRU Library   Shelf - 27- C 28/05/2016 650.00 5674 5675 Books  
    JRU Library   Shelf - 27- C 28/05/2016 650.00 5674 5676 Books  
    JRU Library     28/05/2016 650.00 5674 5677 Books  
    JRU Library   Shelf - 27- D 28/05/2016 650.00 5674 5678 Books  
    JRU Library   Shelf - 27- C 28/05/2016 650.00 5674 5679 Books  
    JRU Library   Shelf - 27- D 28/05/2016 650.00 5674 5680 Books  
    JRU Library   Shelf - 27- C 28/05/2016 650.00 5674 5681 Books  
    JRU Library   Shelf - 27- C 28/05/2016 650.00 5674 5682 Books  
    JRU Library   Shelf - 27- C 28/05/2016 650.00 5674 5683 Books  
    JRU Library JRU Library SHELF-36-A 28/05/2016 650.00 5674 5684 Books MANAGEMENT
    JRU Library   Shelf - 27- C 28/05/2016 650.00 5674 5685 Books  
    JRU Library   SHELF-28-J 28/05/2016 650.00 5674 5686 Books Reference
    JRU Library   Shelf - 27- C 28/05/2016 650.00 5674 5687 Books  
    JRU Library JRU Library SHELF-36-A 28/05/2016 650.00 5674 5688 Books MANAGEMENT